00455nam a2200181 a 4500001001300000003000900013005001700022008004100039020001000080082001800090100002200108245002200130260003700152300000800189500003500197650001900232700002200251nice12345678IN_TiNIC20260116014320.0070626s0000 bana grd 000 0 eng  ac25000a362.042bKUN1 aKunigal, N Aditya aIf It Rains Again aBangalore bVisual Search c0000 a00p aincludes index and biblioraphy aRehabilitation1 aKunigal, N Aditya